The Pimm's book of Polo

Bibliographic Details
Main Author: LLOYD, John
Format: Book
Published: London : Stanley Paul , 1989
Subjects:

MARC

LEADER 00000cam a2200000 7i4500
001 0000001150
002 000001270
005 20000330.0
020 |a 0091738202 
090 0 0 |a 796.353   |b LLO 
100 1 |a LLOYD, John 
245 1 4 |a The Pimm's book of Polo   |c John Lloyd and Michael Roberts ; edited by Major Ronald Ferguson 
260 |a London :   |b Stanley Paul ,   |c 1989 
300 |a 240p. :   |b ill. ;   |c 1989. 
650 0 0 |a Polo 
999 |a 030307   |b BUKU   |c PINJAMAN   |e PERPUSTAKAAN KOMUNITI PETALING JAYA